01378nac a22001817a 4500003000400000005001700004008004100021040001400062100004300076245002700119260004300146300005800189520076800247524008101015600003101096600003401127650003501161OSt20200904020232.0200904b sp ||||| |||| 00| 0 cat d bcatcCDMR aNadal Gaya, Carlosd1924-2010ecreador1 aFons Carlos Nadal Gaya c1941 - 2009 (predomina de 1980 - 2009) a7 unitats d'instal·lació de documentació textual aObra creativa, tant poètica com narrativa. Documentació de l'àmbit familiar com la recerca sobre les diverses branques de la família Nadal, amb els respectius arbres genealògics duta a terme per Jaime Nadal Aixala. Documentació sobre la figura d'Eugenio Nadal i Santiago Nadal. Recull de la seva col·laboració a La Vanguardia. Correspondència diversa que aplega les felicitacions rebudes arran de la concessió del premi Godó i un seguit de unitats documentals que recullen la relació epistolar amb diferents emissors. Sèrie d'activitat de representació que inclou tant les entrevistes sobre la seva trajectòria vital publicades als mitjans com la participació en homenatges, presentacions i participació en diferents esdeveniments aSant Cugat del Vallés, Arxiu Nacional de Catalunya, Fons Carlos Nadal Gaya 4aNadal Gaya, Carlosxarxius 4aNadal Gaya, CarlosxBiografia 4aPeriodistesxArxiuszBarcelona